000 00685nam a2200229Ia 4500
003 OSt
005 20220928123026.0
006 a|||||r|||| 00| 0
007 ta
008 220927b |||||||| |||| 00| 0 eng d
024 _a58308
037 _cTextual
040 _aSDCL
_cSDCL
_beng
041 _2eng
_aeng
082 _aV58,4R'N1, L4
100 _aElwood Ralph Carter
_9459929
245 0 _aRussian social democracy in the underground
_b A study of the RSDRP in the Ukraine, 1907-1914.
260 _aNetherlands
_bVan Gorcum
_c1974
300 _axix,304p.
_ccm.
942 _hV58,4R'N1, L4
_cTEXL
_2CC
999 _c773195
_d773195